The great omission : (Record no. 10221)

MARC details
000 -LEADER
fixed length control field 01251cam a22003494a 4500
001 - CONTROL NUMBER
control field 14242804
003 - CONTROL NUMBER IDENTIFIER
control field GBCCL
005 - DATE AND TIME OF LATEST TRANSACTION
control field 20241126110727.0
008 - FIXED-LENGTH DATA ELEMENTS--GENERAL INFORMATION
fixed length control field 060126s2006 cau b 000 0 eng
010 ## -
-- 2006040052
020 ## - INTERNATIONAL STANDARD BOOK NUMBER
International Standard Book Number 0060882433 (cloth)
020 ## - INTERNATIONAL STANDARD BOOK NUMBER
International Standard Book Number 9780060882433
020 ## - INTERNATIONAL STANDARD BOOK NUMBER
International Standard Book Number 9780062311757
035 ## - SYSTEM CONTROL NUMBER
System control number (OCoLC)ocm63297854
040 ## - CATALOGING SOURCE
Original cataloging agency DLC
Transcribing agency DLC
Modifying agency YDX
-- BAKER
-- GK8
-- VP@
-- DLC
042 ## -
-- pcc
050 00 -
-- BS2417.C5
-- W55 2006
082 00 - DEWEY DECIMAL CLASSIFICATION NUMBER
Classification number 248.4
Edition information 22
Item number WIL
100 1# - MAIN ENTRY--PERSONAL NAME
Personal name Willard, Dallas,
Dates associated with a name 1935-2013.
9 (RLIN) 17751
245 14 - TITLE STATEMENT
Title The great omission :
Remainder of title reclaiming Jesus's essential teachings on discipleship /
Statement of responsibility, etc. Dallas Willard.
250 ## - EDITION STATEMENT
Edition statement 1st ed.
260 ## - PUBLICATION, DISTRIBUTION, ETC.
Place of publication, distribution, etc. [San Francisco, Calif.] :
Name of publisher, distributor, etc. HarperSanFrancisco,
Date of publication, distribution, etc. c2006.
300 ## - PHYSICAL DESCRIPTION
Extent xv, 237 p. ;
Dimensions 22 cm.
504 ## - BIBLIOGRAPHY, ETC. NOTE
Bibliography, etc. note Includes bibliographical references.
600 00 - SUBJECT ADDED ENTRY--PERSONAL NAME
Personal name Jesus Christ
General subdivision Teachings.
9 (RLIN) 527
650 #0 - SUBJECT ADDED ENTRY--TOPICAL TERM
Topical term or geographic name entry element Christian life.
9 (RLIN) 183
650 #0 - SUBJECT ADDED ENTRY--TOPICAL TERM
Topical term or geographic name entry element Spiritual formation.
9 (RLIN) 2847
856 42 - ELECTRONIC LOCATION AND ACCESS
Materials specified Publisher description
Uniform Resource Identifier <a href="http://www.loc.gov/catdir/enhancements/fy0659/2006040052-d.html">http://www.loc.gov/catdir/enhancements/fy0659/2006040052-d.html</a>
906 ## - LOCAL DATA ELEMENT F, LDF (RLIN)
a 7
b cbc
c orignew
d 1
e ocip
f 20
g y-gencatlg
942 ## - ADDED ENTRY ELEMENTS (KOHA)
Source of classification or shelving scheme Dewey Decimal Classification
Koha item type Books
Holdings
Withdrawn status Lost status Source of classification or shelving scheme Damaged status Not for loan Home library Current Library Shelving location Date acquired Total checkouts Full call number Barcode Date last seen Date last checked out Copy number Price effective from Koha item type
    Dewey Decimal Classification     GRACE BIBLE COLLEGE GRACE BIBLE COLLEGE Ministry & Mission 2024-05-01 2 248.4 WIL 016653 2026-03-13 2026-03-11 c.1 2024-05-01 Books
    Dewey Decimal Classification     GRACE BIBLE COLLEGE GRACE BIBLE COLLEGE Ministry & Mission 2025-11-06   248.4 WIL 017269 2025-11-06   c.2 2025-11-06 Books
© Grace Bible College Library 2025